000 00573nam a2200229Ia 4500
003 OSt
005 20220924142106.0
006 a|||||r|||| 00| 0
007 ta
008 220923b |||||||| |||| 00| 0 ben d
024 _a300359
037 _cTextual
040 _aARTS
_cARTS
_bben
041 _2ben
_aben
082 _aU8.44974'N7, 157M8
100 _aChakravarty
_9196157
245 0 _aMuktinather muktangan
260 _c1988
650 _aGEOGRAPHY
942 _hU8.44974'N7, 157M8
_cTEXL
_2CC
999 _c449248
_d449248